000 007530000a22002410004500
001 92
003 CO-MdFUSB
005 20160528102929.0
008 160528t20 cou g |||| 00| 0 spa d
040 _aCO-MdFUSB
_bEspañol
_cCO-MdFUSB
_dCO-MdFUSB
041 0 _aspa
082 0 4 _aR 220.546 S67847s
110 1 _aSociedad Bíblica Internacional
245 1 3 _a La Santa Biblia
_b: La Biblia al Día
_c / Sociedad Bíblica Internacional
264 _aMiami, FL., USA
_b : Sociedad Bíblica Internacional,
_c2002
300 _a267 Pag.
336 _2rdacontent
_a1
_ba1
337 _2rdamedia
_a2
_b5
338 _2rdacarrier
_a2
_b5
505 _aBiblia de estudio.
653 _aBIBLIA \ VERSIONES DE LA BIBLIA
_a \ VERSIONES DE LA BIBLIA
942 _cBK
999 _c31643
_d31643